• 首页
  • 本馆介绍
  • 公告通知
  • 最新文献
  • 馆藏检索
  • 电子资源
  • 读者导购
  • 参考咨询
  • 我的图书馆
  • 登录
  • 详细信息显示
  • 放入我的书架
  • 预约/预借图书
  • 作者相关作品
  • 分类相关作品
  • 丛书相关作品
  • 出版社相关作品

书目信息

  • 表格格式
  • 工作单格式
  • 卡片格式
题名:
屋顶记
    
 
作者: 甄健恒 著
分册:  
出版信息: 济南   山东人民出版社  2016.7
页数: 249页
开本: 22cm
丛书名:
单 册:
中图分类: TU231
科图分类:
主题词: 屋顶--建筑设计
电子资源:
ISBN: 978-7-209-09128-2
000 01142nam0 2200277 450
001 0400003617
005 20171022104206.0
010    @a978-7-209-09128-2@dCNY48.00
100    @a20160826d2016 em y0chiy50 ea
101 0  @achi
102    @aCN@b370000
105    @aa z 000yy
106    @ar
200 1  @a屋顶记@9wu ding ji@dRoof architecture@e重拾绿建筑遗忘的立面@zeng@f甄健恒著
210    @a济南@c山东人民出版社@d2016.7
215    @a249页@c彩图,彩照@d22cm
305    @a经城邦文化事业股份有限公瓦器商周出版事业部正式授权,同意经由山东人民出版社,出版中文简体版本
314    @a甄健恒,男,马来西亚人,英国约克大学音乐科技系毕业。现为自由撰稿人,为时尚杂志《新潮》、《时尚男人》撰写专栏。陆续推出《设计米兰》、《屋顶记》等设计类图书。
330    @a本书收录的是2000年后让人瞩目的屋顶建筑。主要内容分为住家之用、办公之用、休闲之用、庭院之用四个部分。
510 1  @aRoof architecture@zeng
517 1  @a重拾绿建筑遗忘的立面@9chong shi lv jian zhu yi wang de li mian
606 0  @a屋顶@x建筑设计
690    @aTU231@v5
701  0 @a甄健恒@9zhen jian heng@4著
801  0 @aCN@b91MARC@c20171022
905    @b1036356-60@dTU231@f5@e1268
    
    屋顶记=Roof architecture:重拾绿建筑遗忘的立面/甄健恒著.-济南:山东人民出版社,2016.7
    249页:彩图,彩照;22cm
    
    
    ISBN 978-7-209-09128-2:CNY48.00
    本书收录的是2000年后让人瞩目的屋顶建筑。主要内容分为住家之用、办公之用、休闲之用、庭院之用四个部分。
●
相关链接 在E读中查询图书 在五车中查询图书 在当当中查询图书 在豆瓣中查询图书


正题名:屋顶记     索取号:TU231/1268         预约/预借

序号 登录号 条形码 馆藏地/架位号 状态 备注
1 1036356   210363569   第二样本阅览室/ [索取号:TU231/1268] 在馆    
2 1036357   210363578   第三借阅区/ [索取号:TU231/1268] 在馆    
3 1036358   210363587   第三借阅区/ [索取号:TU231/1268] 在馆    
4 1036359   210363596   密集书库-生命科学系/ [索取号:TU231/1268] 在馆    
5 1036360   210363603   第三借阅区/ [索取号:TU231/1268] 在馆    
唐山师范学院图书馆 欢迎您!
大连网信软件有限公司© 版权所有